|
|
|
|
| LEADER |
01037nam a22003012a 4500 |
| 001 |
000129979 |
| 003 |
CZ BrMZK |
| 005 |
20101108134524.0 |
| 007 |
ta |
| 008 |
950101s1983 xr a f cze d |
| 015 |
|
|
|a cnb000009282
|
| 020 |
|
|
|q (Brož.) :
|c 23 Kčs
|
| 035 |
|
|
|a (OCoLC)21166519
|
| 040 |
|
|
|a ABA001
|b cze
|d ABA001
|
| 080 |
9 |
|
|a 615.859
|
| 080 |
9 |
|
|a 617-089
|
| 100 |
1 |
|
|a Procházka, Milan,
|d -2006
|7 jx20071121042
|4 aut
|
| 245 |
1 |
0 |
|a Intenzivní péče v chirurgii /
|c Milan Procházka
|
| 250 |
|
|
|a 1. vyd.
|
| 260 |
|
|
|a Praha :
|b Avicenum,
|c 1983
|e (Most :
|f SG)
|
| 300 |
|
|
|a 230 s. :
|b il. ;
|c 21 cm
|
| 500 |
|
|
|a 4000 výt.
|
| 504 |
|
|
|a Obsahuje bibliografii
|
| 910 |
|
|
|a BOA001
|b 2-0873.822
|
| 990 |
|
|
|a BK
|
| 996 |
6 |
|
|b 2619842265
|c 2-0873.822
|l MZK
|r Sklad / do 1 hodiny
|n 0
|w 000129979
|u 000020
|a 1
|e BOA001
|j MZK50
|s P
|
| 996 |
7 |
|
|b 2619842266
|c 2-0873.822
|l MZK
|r Sklad / do 1 hodiny
|n 7
|w 000129979
|u 000030
|a 1
|e BOA001
|j MZK50
|s A
|
| 996 |
7 |
|
|b 2619974039
|c 2-0873.822
|l MZK
|r Sklad / do 1 hodiny
|n 7
|w 000129979
|u 000010
|a 1
|e BOA001
|j MZK50
|s A
|